Statistiques concernant Culture Générale - Série 1835

Cliquez ici pour prendre le quiz!

Statistiques générales

  • Ce quiz a été pris 62 fois
  • Le résultat moyen est 5 sur 10

Statistiques - réponses

QuestionRéponse% Correct
Dans quel département français se trouve le gouffre de Padirac ?Lot
76%
Dans quel département français se trouve le cirque de Gavarnie ?Hautes-Pyrénées
68%
Dans quel département français se trouve la commune de Laguiole, célèbre pour ses couteaux ?Aveyron
63%
Dans quel département se situe la cité médiévale de Locronan ?Finistère
61%
Dans quel département se trouve la commune de La Flèche qui abrite le lycée national militaire Prytanée ?Sarthe
58%
Dans le corps humain, sous quel nom désigne-t-on communément l'os appelé "ulna" ?cubitus
47%
Dans quel département français se trouve la commune de Giverny, chère au peintre Claude Monet ?Eure
42%
Quel nom donne-t-on au torrent, cours d'eau issu des Pyrénées centrales et occidentales ?gave
39%
Dans quelle ville du Bas-Rhin peut-on visiter l'ancienne halle aux blés ?Obernai
5%
Quel verbe de 5 lettres du 1er groupe, signifie manger, casser la croûte, parfois avec une tendance à la gloutonnerie ?ruper
2%

Distribution des résultats

Percentile par nombre de réponses

% des personnes avec chaque résultat

Votre développement - résultats

Vous n’avez pas pris ce quiz